[Event "Syre Memorial op 34th"]
[Site "Issy les Moulineaux"]
[Date "2011.06.05"]
[Round "6"]
[White "Kvashyna, Tetyana"]
[Black "Farwagi, Fouad Pierre"]
[Result "1-0"]
[WhiteElo "1905"]
[BlackElo "1638"]
[PlyCount "55"]
[EventDate "2011.06.03"]
[EventType "swiss"]
[EventRounds "6"]
[EventCountry "FRA"]
[SourceTitle "EXT 2012"]
[Source "ChessBase"]
[SourceDate "2011.11.24"]
[SourceVersion "1"]
[SourceVersionDate "2011.11.24"]
[SourceQuality "1"]

1. d4 c5 2. d5 e6 3. c4 exd5 4. cxd5 d6 5. Nc3 Nf6 6. e4 g6 7. Nf3 Bg7 8. Bb5+ Bd7 9. Bxd7+ Nbxd7 10. Bg5 a6 11. a4 0-0 12. a5 Re8 13. 0-0 Qc7 14. Re1 Ng4 15. Nd2 Nge5 16. Qe2 c4 17. Reb1 h6 18. Be3 Nd3 19. Ra4 b5 20. axb6 Nxb6 21. Bxb6 Qxb6 22. Nxc4 Qxf2+ 23. Qxf2 Nxf2 24. Kxf2 Bxc3 25. bxc3 Rxe4 26. Nb6 Rxa4 27. Nxa4 Ra7 28. Rb6 1-0

[Event "Benidorm op U2000 05th"]
[Site "Benidorm"]
[Date "2006.12.02"]
[Round "2"]
[White "Farwagi, Fouad Pierre"]
[Black "Moyano Pascual, Andres"]
[Result "0-1"]
[WhiteElo "1832"]
[BlackElo "1980"]
[PlyCount "60"]
[EventDate "2006.12.01"]
[EventType "swiss"]
[EventRounds "9"]
[EventCountry "ESP"]
[SourceTitle "CBM 115 Extra"]
[Source "ChessBase"]
[SourceDate "2007.01.10"]
[SourceVersion "1"]
[SourceVersionDate "2007.01.10"]
[SourceQuality "1"]

1. e4 Nf6 2. e5 Nd5 3. d4 d6 4. c4 Nb6 5. exd6 exd6 6. Nc3 Be7 7. Bd3 Nc6 8. Nge2 Bf6 9. Be3 0-0 10. 0-0 Re8 11. b3 Bg4 12. Qd2 d5 13. c5 Nc8 14. f3 Bh5 15. Nf4 Rxe3 16. Qxe3 Bxd4 17. Qxd4 Nxd4 18. Nxh5 Qg5 19. Ng3 Qe3+ 20. Kh1 Qxd3 21. Nxd5 Ne6 22. Rad1 Qc2 23. Nxc7 Rb8 24. Nxe6 fxe6 25. Ne4 Ne7 26. Rd7 Nd5 27. Nd6 Qxc5 28. Nxb7 Qc6 29. Rd8+ Rxd8 30. Nxd8 Qd7 0-1

[Event "Thorigny op 2nd"]
[Site "Thorigny"]
[Date "2006.03.23"]
[Round "1"]
[White "Rousselet, Christophe"]
[Black "Farwagi, Fouad Pierre"]
[Result "1-0"]
[WhiteElo "1965"]
[BlackElo "1450"]
[PlyCount "49"]
[EventDate "2006.03.22"]
[EventType "swiss"]
[EventRounds "7"]
[EventCountry "FRA"]
[SourceTitle "EXT 2007"]
[Source "ChessBase"]
[SourceDate "2006.11.23"]
[SourceVersion "1"]
[SourceVersionDate "2006.11.23"]
[SourceQuality "1"]

1. e4 c5 2. Nf3 d6 3. c3 Nf6 4. Na3 Bd7 5. Bd3 Nc6 6. Bc2 g6 7. 0-0 Bg7 8. d4 cxd4 9. Nxd4 0-0 10. Bg5 a6 11. Qd2 Re8 12. Rad1 Rc8 13. f4 b5 14. f5 Ne5 15. Nf3 Nfg4 16. Bb3 h6 17. Nxe5 Bxe5 18. fxg6 hxg5 19. gxf7+ Kh8 20. fxe8Q+ Qxe8 21. Qxg5 Bxh2+ 22. Kh1 Bg3 23. Bf7 Nf2+ 24. Rxf2 Bxf2 25. Qh6# 1-0

[Event "Champigny sur Marne op 6th"]
[Site "Champigny sur Marne"]
[Date "2006.02.18"]
[Round "3"]
[White "Farwagi, Fouad Pierre"]
[Black "Constant, Frederic"]
[Result "0-1"]
[WhiteElo "1450"]
[BlackElo "1640"]
[PlyCount "60"]
[EventDate "2006.02.16"]
[EventType "swiss"]
[EventRounds "6"]
[EventCountry "FRA"]
[SourceTitle "EXT 2007"]
[Source "ChessBase"]
[SourceDate "2006.11.23"]
[SourceVersion "1"]
[SourceVersionDate "2006.11.23"]
[SourceQuality "1"]

1. e4 c5 2. Nf3 d6 3. d4 cxd4 4. Nxd4 Nf6 5. Nc3 a6 6. Bc4 e6 7. Bb3 Be7 8. Be3 0-0 9. 0-0 b5 10. a3 Bd7 11. f4 Nc6 12. g4 e5 13. Nf5 exf4 14. Bxf4 Bxf5 15. exf5 Qb6+ 16. Kh1 Nd4 17. Be3 Qc6+ 18. Kg1 Nxb3 19. cxb3 Rfe8 20. g5 Nd7 21. f6 gxf6 22. gxf6 Bxf6 23. Qg4+ Kh8 24. Kf2 Rg8 25. Qh3 Ne5 26. Bd4 Ng4+ 27. Ke2 Bxd4 28. Rxf7 Rae8+ 29. Kd2 Bxc3+ 30. bxc3 Qd5+ 0-1